000 00224nam a2200085Ia 4500
008 200302s9999 xx 000 0 und d
100 _aAuthor
245 _aThe International Directory of Architecture & Design
260 _bPublisher
999 _c2070
_d2070